| Tag |
First Indicator |
Second Indicator |
Subfields |
| LEADER |
00000cam a2200000 4500 |
| 001 |
in00000313613 |
| 005 |
20151010145308.0 |
| 008 |
730112s1945 nyua b 00010 eng d |
| 010 |
|
|
|a 45003362
|
| 035 |
|
|
|a (OCoLC)00536615
|
| 035 |
|
|
|9 ABH7385AM
|
| 040 |
|
|
|c WSU
|d TXA
|d UtOrBLW
|
| 049 |
|
|
|a TXAM
|c 1 [9185]
|c 2 [129915]
|c 3 [423790]
|
| 082 |
0 |
|
|a 537.5
|
| 090 |
|
|
|a QC661
|b .R3
|
| 100 |
1 |
|
|a Ramo, Simon.
|
| 245 |
1 |
0 |
|a Introduction to microwaves /
|c by Simon Ramo.
|
| 250 |
|
|
|a 1st ed.
|
| 264 |
|
1 |
|a New York
|a London :
|b McGraw-Hill book company, inc.,
|c 1945.
|
| 300 |
|
|
|a x, 138 pages :
|b diagrams ;
|c 22 cm.
|
| 336 |
|
|
|a text
|b txt
|2 rdacontent
|
| 337 |
|
|
|a unmediated
|b n
|2 rdamedia
|
| 338 |
|
|
|a volume
|b nc
|2 rdacarrier
|
| 500 |
|
|
|a "Textbooks for further study of microwave engineering or the underlying physics": page 135.
|
| 650 |
|
0 |
|a Electric waves.
|
| 650 |
|
0 |
|a Microwaves.
|
| 999 |
|
|
|a MARS
|
| 999 |
f |
f |
|s fbaeeadb-cc8a-34c2-87c6-6000e3ed5677
|i 9ab61da0-dcef-3585-99e0-b0fc251f92f7
|t 0
|
| 952 |
f |
f |
|p ric
|a Texas A&M University
|b Rellis Campus
|c Joint Library Facility
|s JLF
|d Remote Storage
|t 0
|e QC661 .R3
|h Library of Congress classification
|i unmediated -- volume
|m A14804638551
|
| 998 |
f |
f |
|a QC661 .R3
|t 0
|l Remote Storage
|